00440cam a22001577a 4500008004000000020001500040082001700055100001600072245006000088260002400148300001000172650001800182650003600200650002400236650002200260180718b2005 xxu||||| |||| 00| 0 eng d a8370339308 aB124x54 B299 aBasu, Sajal aRegionalism, ethnicity and left politicscby Sajal Basu aJaipurbRawatc2005 a234p. a(Written off) aIndia - Politics and government aRegionalism - India aEthnicity - India